[Event "GER-chT Betriebe 18th"]
[Site "Altenberg Zinnwald"]
[Date "2018.11.11"]
[Round "7.2"]
[White "Gebert Vangeel, Ralf"]
[Black "Poenisch, Egmont"]
[Result "1-0"]
[WhiteElo "1995"]
[BlackElo "2145"]
[PlyCount "119"]
[EventDate "2018.11.08"]
[EventType "team-swiss"]
[EventRounds "7"]
[EventCountry "GER"]
[SourceTitle "EXT 2020"]
[Source "ChessBase"]
[SourceDate "2019.10.17"]
[SourceVersion "1"]
[SourceVersionDate "2019.10.17"]
[SourceQuality "1"]
[WhiteTeam "Berlin Osram"]
[BlackTeam "Dresden Schachfestival"]
[WhiteTeamCountry "GER"]
[BlackTeamCountry "GER"]

1. e4 d6 2. d4 g6 3. Nc3 Bg7 4. Be3 c6 5. Qd2 Na6 6. Nf3 Nc7 7. Bd3 Bd7 8. 0-0 Nf6 9. h3 0-0 10. a4 Re8 11. Ng5 h6 12. Nf3 Kh7 13. Nh2 Qc8 14. f4 d5 15. e5 Ne4 16. Nxe4 dxe4 17. Bxe4 f5 18. Bd3 Nd5 19. Bf2 e6 20. c4 Ne7 21. b4 Rg8 22. Nf3 Qe8 23. Be3 Qf7 24. Ra2 Rgd8 25. Rfa1 Bf8 26. Bf1 Be8 27. Qc1 Ng8 28. Rb1 Ne7 29. Ne1 Rdc8 30. Be2 Kh8 31. Bf3 Rab8 32. a5 a6 33. Nd3 Ng8 34. Rab2 Rc7 35. Qf1 Ne7 36. Nc5 Ng8 37. Nd3 Ne7 38. Be2 Kh7 39. Nc5 Kh8 40. Na4 Kh7 41. Nc3 Kh8 42. Rb3 Rbc8 43. Kh1 Kh7 44. Na4 Kh8 45. Nb6 Rb8 46. Rd1 Rd8 47. Bf3 Kh7 48. Qe1 Kh8 49. Bc1 Nc8 50. d5 cxd5 51. cxd5 Nxb6 52. axb6 Rcc8 53. Rbd3 Ba4 54. dxe6 Rxd3 55. Rxd3 Qxe6 56. Be3 Bc6 57. Qd1 Bxf3 58. Qxf3 Rc6 59. Rd8 Kg7 60. Qd1 1-0

[Event "Oberliga Ost-A 1112"]
[Site "Germany"]
[Date "2012.01.14"]
[Round "6.7"]
[White "Rudolf, Matthias"]
[Black "Poenisch, Egmont"]
[Result "0-1"]
[WhiteElo "2120"]
[BlackElo "2111"]
[PlyCount "64"]
[EventDate "2011.09.25"]
[EventType "team-tourn"]
[EventRounds "11"]
[EventCountry "GER"]
[SourceTitle "EXT 2013"]
[Source "ChessBase"]
[SourceDate "2012.11.22"]
[SourceVersion "1"]
[SourceVersionDate "2012.11.22"]
[SourceQuality "1"]
[WhiteTeam "Dresden Gruen Weiss"]
[BlackTeam "Coswig"]
[WhiteTeamCountry "GER"]
[BlackTeamCountry "GER"]

1. e4 d6 2. d4 c6 3. Nc3 Nf6 4. f3 e6 5. Be3 Be7 6. Qd2 0-0 7. g4 d5 8. g5 Nfd7 9. h4 b5 10. 0-0-0 a5 11. h5 a4 12. Nce2 b4 13. b3 Na6 14. Kb1 dxe4 15. fxe4 c5 16. g6 c4 17. h6 fxg6 18. hxg7 Rf7 19. Nf4 Nf6 20. Bg2 c3 21. Qe1 Bb7 22. Nxg6 Rxg7 23. Nxe7+ Qxe7 24. Qe2 axb3 25. Bf3 bxc2+ 26. Qxc2 b3 27. axb3 Nxe4 28. Bxe4 Nb4 29. Bxh7+ Rxh7 30. Rxh7 Qxh7 31. Qxh7+ Kxh7 32. d5 c2+ 0-1

[Event "Oberliga Ost-A 1011"]
[Site "Germany"]
[Date "2011.02.05"]
[Round "6.7"]
[White "Just, Wolfgang"]
[Black "Poenisch, Egmont"]
[Result "1/2-1/2"]
[WhiteElo "2175"]
[BlackElo "2102"]
[PlyCount "92"]
[EventDate "2010.10.24"]
[EventType "team-tourn"]
[EventRounds "11"]
[EventCountry "GER"]
[SourceTitle "EXT 2012"]
[Source "ChessBase"]
[SourceDate "2011.11.24"]
[SourceVersion "1"]
[SourceVersionDate "2011.11.24"]
[SourceQuality "1"]
[WhiteTeam "Leipzig Lok"]
[BlackTeam "Coswig"]
[WhiteTeamCountry "GER"]
[BlackTeamCountry "GER"]

1. e4 d6 2. Nf3 g6 3. d4 Bg7 4. Bd3 c6 5. 0-0 Na6 6. c3 Nc7 7. Bf4 Nf6 8. h3 0-0 9. Na3 b6 10. e5 Nfd5 11. Bg3 Ne6 12. Qd2 dxe5 13. Nxe5 Bb7 14. Be4 Rc8 15. Rfe1 Ba8 16. Rad1 Qe8 17. Bxd5 cxd5 18. Qe2 Nc7 19. Ng4 e6 20. Bd6 f6 21. Bxf8 Kxf8 22. Rd3 h5 23. Nh2 e5 24. g4 e4 25. Rg3 h4 26. Rg2 Ne6 27. Qe3 g5 28. Kh1 Nf4 29. Rgg1 Kf7 30. Rgf1 Bb7 31. b3 Bf8 32. Nb1 Bd6 33. f3 Nxh3 34. fxe4 Qxe4+ 35. Qf3 Qxf3+ 36. Rxf3 Nf4 37. Nd2 Rc7 38. Ndf1 Bf8 39. Kg1 b5 40. b4 a5 41. a3 Bc8 42. Nd2 a4 43. Rfe3 Bd7 44. Ndf3 Bd6 45. Rd1 Ng6 46. Rf1 Bf4 1/2-1/2

[Event "Oberliga Ost-A 0809"]
[Site "Germany"]
[Date "2009.03.29"]
[Round "11.7"]
[White "Pesztericz, Laszlo"]
[Black "Poenisch, Egmont"]
[Result "1-0"]
[WhiteElo "2117"]
[BlackElo "2133"]
[PlyCount "83"]
[EventDate "2008.10.12"]
[EventType "team-tourn"]
[EventRounds "11"]
[EventCountry "GER"]
[SourceTitle "EXT 2010"]
[Source "ChessBase"]
[SourceDate "2010.11.25"]
[SourceVersion "1"]
[SourceVersionDate "2010.11.25"]
[SourceQuality "1"]
[WhiteTeam "Magdeburg Rochade"]
[BlackTeam "Coswig"]
[WhiteTeamCountry "GER"]
[BlackTeamCountry "GER"]

1. e4 d6 2. d4 g6 3. c4 Bg7 4. Nc3 c6 5. Be2 Na6 6. Nf3 Nc7 7. h3 e6 8. Bg5 Ne7 9. Qd2 h6 10. Be3 Qd7 11. 0-0 Kf8 12. Rad1 Kg8 13. Nh2 Kh7 14. f4 f5 15. e5 d5 16. c5 b6 17. b4 Ba6 18. a4 Rhb8 19. Rb1 Bc4 20. Nf3 Kg8 21. Rb2 Kf7 22. Rfb1 b5 23. axb5 cxb5 24. Ne1 Nc6 25. Nc2 a6 26. Na3 a5 27. Nxc4 dxc4 28. Na2 axb4 29. Nxb4 Nxb4 30. Rxb4 Nd5 31. Bf3 c3 32. Qe1 Nxb4 33. Rxb4 Ra3 34. c6 Qd8 35. d5 exd5 36. Rd4 Kg8 37. Rxd5 Qa5 38. Kh2 Ra1 39. Qh4 Re8 40. Rd7 c2 41. Bd5+ Kh8 42. Rxg7 1-0

[Event "Oberliga Ost-A 0708"]
[Site "Germany"]
[Date "2008.04.20"]
[Round "11.6"]
[White "Poenisch, Egmont"]
[Black "Hentzgen, Thomas"]
[Result "1-0"]
[WhiteElo "2131"]
[BlackElo "2061"]
[PlyCount "69"]
[EventDate "2007.09.23"]
[EventType "team-tourn"]
[EventRounds "11"]
[EventCountry "GER"]
[SourceTitle "EXT 2009"]
[Source "ChessBase"]
[SourceDate "2008.11.26"]
[SourceVersion "1"]
[SourceVersionDate "2008.11.26"]
[SourceQuality "1"]
[WhiteTeam "Coswig"]
[BlackTeam "Halle USV II"]
[WhiteTeamCountry "GER"]
[BlackTeamCountry "GER"]

1. c4 e5 2. Nc3 d6 3. g3 f5 4. Bg2 Nf6 5. d3 Be7 6. Nf3 0-0 7. 0-0 c6 8. Qc2 Na6 9. a3 Qe8 10. b4 Qh5 11. b5 Nc5 12. d4 Nce4 13. dxe5 Ng4 14. h3 Ngxf2 15. Rxf2 Nxf2 16. Kxf2 dxe5 17. e3 g5 18. bxc6 g4 19. Nd5 Bd6 20. c5 bxc6 21. cxd6 cxd5 22. Nxe5 Be6 23. Bb2 gxh3 24. Bf3 Qg5 25. d7 Rab8 26. Rh1 f4 27. exf4 Qe7 28. Ba1 Qxa3 29. Qd2 Qc5+ 30. Bd4 Qd6 31. g4 Bxd7 32. Rxh3 Rbe8 33. Rh5 h6 34. Nxd7 Qxd7 35. Bxd5+ 1-0

[Event "Oberliga Ost-A 0708"]
[Site "Germany"]
[Date "2008.01.19"]
[Round "6.4"]
[White "Poenisch, Egmont"]
[Black "Niering, Martin"]
[Result "0-1"]
[WhiteElo "2131"]
[BlackElo "2199"]
[PlyCount "70"]
[EventDate "2007.09.23"]
[EventType "team-tourn"]
[EventRounds "11"]
[EventCountry "GER"]
[SourceTitle "EXT 2009"]
[Source "ChessBase"]
[SourceDate "2008.11.26"]
[SourceVersion "1"]
[SourceVersionDate "2008.11.26"]
[SourceQuality "1"]
[WhiteTeam "Coswig"]
[BlackTeam "Magdeburg Rochade"]
[WhiteTeamCountry "GER"]
[BlackTeamCountry "GER"]

1. g3 f5 2. Bg2 Nf6 3. d4 g6 4. c4 Bg7 5. Nc3 d6 6. Nh3 0-0 7. 0-0 e5 8. dxe5 dxe5 9. b3 c6 10. Ba3 Qxd1 11. Raxd1 Re8 12. e4 Nbd7 13. exf5 gxf5 14. f3 Nf8 15. Nf2 Ne6 16. Ne2 a5 17. Bd6 Nd8 18. a4 Nf7 19. Ba3 Be6 20. Rd3 b5 21. Rc1 bxc4 22. bxc4 Rab8 23. Nd1 Bh6 24. Rc2 e4 25. fxe4 fxe4 26. Rdc3 Rb1 27. Bc1 Bg4 28. Ne3 Rd8 29. Nf4 Ne5 30. Kf2 Nd3+ 31. Nxd3 exd3 32. Rd2 Be2 33. Ra2 Rf8 34. Rxe2 Ne4+ 35. Ke1 Nxc3 0-1

[Event "Oberliga Ost-A 0607"]
[Site "Germany"]
[Date "2007.04.21"]
[Round "10.7"]
[White "Goergens, Michael"]
[Black "Poenisch, Egmont"]
[Result "1-0"]
[WhiteElo "2084"]
[BlackElo "2129"]
[PlyCount "71"]
[EventDate "2006.10.15"]
[EventType "team-tourn"]
[EventRounds "11"]
[EventCountry "GER"]
[SourceTitle "EXT 2008"]
[Source "ChessBase"]
[SourceDate "2007.11.25"]
[SourceVersion "1"]
[SourceVersionDate "2007.11.25"]
[SourceQuality "1"]
[WhiteTeam "Magdeburg Aufbau Elbe"]
[BlackTeam "Coswig"]
[WhiteTeamCountry "GER"]
[BlackTeamCountry "GER"]

1. e4 d6 2. Nc3 g6 3. d3 Bg7 4. Be3 c5 5. Qd2 Nc6 6. f4 Nf6 7. h3 a6 8. g4 h5 9. g5 Ng8 10. Nf3 Nd4 11. Bg2 e6 12. 0-0 Ne7 13. Nh4 Rb8 14. Rae1 0-0 15. Nd1 Ndc6 16. c3 b5 17. f5 exf5 18. exf5 Nxf5 19. Nxf5 Bxf5 20. Bxc6 Bxh3 21. Bg2 Be6 22. a3 a5 23. Nf2 c4 24. Ne4 d5 25. Nf6+ Kh8 26. Bc5 Rg8 27. Nxg8 Kxg8 28. d4 h4 29. Qf4 h3 30. Rxe6 hxg2 31. Qxf7+ Kh8 32. Rf3 Qxg5 33. Rh3+ Bh6 34. Re8+ Rxe8 35. Qxe8+ Kh7 36. Qe7+ 1-0

[Event "Oberliga Ost-A 0607"]
[Site "Germany"]
[Date "2007.02.04"]
[Round "5.6"]
[White "Jahn, Constanze"]
[Black "Poenisch, Egmont"]
[Result "1-0"]
[WhiteElo "2205"]
[BlackElo "2129"]
[PlyCount "59"]
[EventDate "2006.10.15"]
[EventType "team-tourn"]
[EventRounds "11"]
[EventCountry "GER"]
[SourceTitle "EXT 2008"]
[Source "ChessBase"]
[SourceDate "2007.11.25"]
[SourceVersion "1"]
[SourceVersionDate "2007.11.25"]
[SourceQuality "1"]
[WhiteTeam "Halle USV"]
[BlackTeam "Coswig"]
[WhiteTeamCountry "GER"]
[BlackTeamCountry "GER"]

1. e4 d6 2. d4 g6 3. Nc3 Bg7 4. f4 c6 5. Nf3 Nf6 6. a3 0-0 7. Be2 Na6 8. Be3 Nc7 9. Qd2 Bd7 10. Ng5 b5 11. Bf3 a5 12. Ne2 Ng4 13. Bg1 Nf6 14. h4 Bg4 15. e5 Bxf3 16. exf6 Bxg2 17. fxg7 Bxh1 18. gxf8Q+ Qxf8 19. 0-0-0 f6 20. Nh3 Bg2 21. Qd3 Qc8 22. Nf2 Bd5 23. Ng3 Bf7 24. f5 Nd5 25. Ng4 Qf8 26. Be3 Qg7 27. Bh6 Qh8 28. Rg1 e6 29. Nh5 exf5 30. Qxf5 1-0

[Event "Oberliga Ost-A 0506"]
[Site "Germany"]
[Date "2006.01.28"]
[Round "6.8"]
[White "Hering, Sven"]
[Black "Poenisch, Egmont"]
[Result "1-0"]
[WhiteElo "2097"]
[BlackElo "2135"]
[PlyCount "81"]
[EventDate "2005.11.13"]
[EventType "team-tourn"]
[EventRounds "11"]
[EventCountry "GER"]
[SourceTitle "EXT 2007"]
[Source "ChessBase"]
[SourceDate "2006.11.23"]
[SourceVersion "1"]
[SourceVersionDate "2006.11.23"]
[SourceQuality "1"]
[WhiteTeam "Halle USV II"]
[BlackTeam "Coswig"]
[WhiteTeamCountry "GER"]
[BlackTeamCountry "GER"]

1. Nc3 g6 2. h4 Bg7 3. h5 e5 4. e4 d6 5. Bc4 c6 6. a4 Qe7 7. d3 g5 8. Nf3 h6 9. Nh2 f5 10. g4 f4 11. Rb1 Nd7 12. b4 Ngf6 13. a5 Nf8 14. b5 Ne6 15. Ba3 0-0 16. Nf3 c5 17. Nd2 Qd8 18. Nb3 Kh7 19. Qd2 Nxg4 20. Nd5 Nc7 21. Bxc5 Nxd5 22. Bxd5 dxc5 23. Nxc5 Rb8 24. b6 a6 25. Qc3 Qd6 26. Rb4 Nf6 27. Ba2 Bd7 28. Nxd7 Qxd7 29. Rc4 Rbc8 30. Rxc8 Rxc8 31. Qxe5 Nxe4 32. Qxe4+ Kh8 33. Be6 Qd8 34. Bxc8 Qxc8 35. 0-0 Qg4+ 36. Qg2 Qxh5 37. Re1 Bc3 38. Re7 Qd1+ 39. Kh2 g4 40. Qd5 g3+ 41. Kh3 1-0

[Event "Oberliga Ost-A 0506"]
[Site "Germany"]
[Date "2005.11.26"]
[Round "2.8"]
[White "Poenisch, Egmont"]
[Black "Graf, Felix"]
[Result "1-0"]
[WhiteElo "2135"]
[BlackElo "2168"]
[PlyCount "75"]
[EventDate "2005.11.13"]
[EventType "team-tourn"]
[EventRounds "11"]
[EventCountry "GER"]
[SourceTitle "EXT 2007"]
[Source "ChessBase"]
[SourceDate "2006.11.23"]
[SourceVersion "1"]
[SourceVersionDate "2006.11.23"]
[SourceQuality "1"]
[WhiteTeam "Coswig"]
[BlackTeam "Dresden"]
[WhiteTeamCountry "GER"]
[BlackTeamCountry "GER"]

1. c4 c6 2. Nc3 Nf6 3. d3 d5 4. cxd5 cxd5 5. d4 Nc6 6. Nf3 Bf5 7. a3 e6 8. Bf4 Be7 9. h3 Rc8 10. e3 Qb6 11. Ra2 0-0 12. Be2 Ne4 13. Nxe4 Bxe4 14. b4 a5 15. b5 Na7 16. 0-0 Bxf3 17. gxf3 Rc3 18. a4 Rfc8 19. Kg2 Bd6 20. Bg5 f6 21. Bh4 g5 22. Bg3 Bxg3 23. Kxg3 Qc7+ 24. Kg2 Rc1 25. Qd2 Rxf1 26. Bxf1 b6 27. Bd3 Qc3 28. Qe2 Qb3 29. e4 dxe4 30. Bxe4 Rc3 31. d5 f5 32. Bxf5 exf5 33. Qe8+ Kg7 34. Qe7+ Kg8 35. Qxg5+ Kh8 36. Re2 Rc8 37. Qf6+ Kg8 38. Re7 1-0

[Event "Oberliga Ost-A 0405"]
[Site "Germany"]
[Date "2004.12.12"]
[Round "5.8"]
[White "Ketzscher, Roland"]
[Black "Poenisch, Egmont"]
[Result "0-1"]
[WhiteElo "2170"]
[BlackElo "2118"]
[PlyCount "78"]
[EventDate "2004.10.10"]
[EventType "team-tourn"]
[EventRounds "11"]
[EventCountry "GER"]
[SourceTitle "EXT 2006"]
[Source "ChessBase"]
[SourceDate "2005.11.24"]
[SourceVersion "1"]
[SourceVersionDate "2005.11.24"]
[SourceQuality "1"]
[WhiteTeam "Chemnitz II"]
[BlackTeam "Coswig"]
[WhiteTeamCountry "GER"]
[BlackTeamCountry "GER"]

1. d4 g6 2. c4 Bg7 3. Nc3 d6 4. e4 Nd7 5. Be2 e5 6. d5 Ne7 7. Bg4 0-0 8. Bxd7 Bxd7 9. Nge2 f5 10. 0-0 f4 11. f3 g5 12. g4 Ng6 13. Bd2 Kf7 14. Kf2 Rh8 15. h3 h5 16. Ng1 Bf6 17. b4 Be7 18. Qb3 Nf8 19. c5 Nh7 20. b5 Nf6 21. c6 Bc8 22. a4 Rh7 23. a5 bxc6 24. b6 axb6 25. axb6 Rb8 26. b7 Rxb7 27. Qc2 c5 28. Ra8 Nd7 29. Rfa1 Nb6 30. R8a7 Rxa7 31. Rxa7 Bd7 32. Qa2 Qc8 33. Be1 hxg4 34. fxg4 Bxg4 35. Nb5 Bxh3 36. Rxc7 Qg4 37. Nxh3 Rxh3 38. Rxe7+ Kxe7 39. Qa7+ Nd7 0-1

[Event "Oberliga Ost-A 0405"]
[Site "Germany"]
[Date "2004.11.14"]
[Round "3.7"]
[White "Seibicke, Ralf"]
[Black "Poenisch, Egmont"]
[Result "1/2-1/2"]
[WhiteElo "2225"]
[BlackElo "2118"]
[PlyCount "40"]
[EventDate "2004.10.10"]
[EventType "team-tourn"]
[EventRounds "11"]
[EventCountry "GER"]
[SourceTitle "EXT 2006"]
[Source "ChessBase"]
[SourceDate "2005.11.24"]
[SourceVersion "1"]
[SourceVersionDate "2005.11.24"]
[SourceQuality "1"]
[WhiteTeam "Magdeburg Rochade"]
[BlackTeam "Coswig"]
[WhiteTeamCountry "GER"]
[BlackTeamCountry "GER"]

1. Nf3 g6 2. g3 Bg7 3. d4 d6 4. Bg2 Nf6 5. 0-0 0-0 6. c4 c6 7. Nc3 Na6 8. e4 Nc7 9. Qe2 Bg4 10. h3 Bxf3 11. Bxf3 Nd7 12. Be3 e5 13. Rad1 Ne6 14. dxe5 dxe5 15. Qd2 Nd4 16. Bg2 Nb6 17. b3 Qe7 18. f4 Rad8 19. Qf2 c5 20. Rfe1 Rfe8 1/2-1/2

[Event "Oberliga Ost-A 0304"]
[Site "Germany"]
[Date "2004.01.18"]
[Round "5.5"]
[White "Poenisch, Egmont"]
[Black "Richter, Mirko"]
[Result "1/2-1/2"]
[WhiteElo "2116"]
[BlackElo "2109"]
[PlyCount "26"]
[EventDate "2003.11.02"]
[EventType "team-tourn"]
[EventRounds "11"]
[EventCountry "GER"]
[SourceTitle "EXT 2005"]
[Source "ChessBase"]
[SourceDate "2004.11.15"]
[SourceVersion "1"]
[SourceVersionDate "2004.11.15"]
[SourceQuality "1"]
[WhiteTeam "Coswig"]
[BlackTeam "Dresden SC II"]
[WhiteTeamCountry "GER"]
[BlackTeamCountry "GER"]

1. g3 d5 2. Bg2 c5 3. d3 Nc6 4. Nd2 Nf6 5. e4 e5 6. Ne2 Be7 7. h3 Be6 8. 0-0 0-0 9. f4 dxe4 10. dxe4 Qc7 11. f5 Bd7 12. g4 Ne8 13. Nf3 Rd8 1/2-1/2

[Event "Oberliga Ost-A 0304"]
[Site "Germany"]
[Date "2003.11.23"]
[Round "3.6"]
[White "Hoffmeyer, Falk"]
[Black "Poenisch, Egmont"]
[Result "1-0"]
[WhiteElo "2214"]
[BlackElo "2116"]
[PlyCount "83"]
[EventDate "2003.11.02"]
[EventType "team-tourn"]
[EventRounds "11"]
[EventCountry "GER"]
[SourceTitle "EXT 2005"]
[Source "ChessBase"]
[SourceDate "2004.11.15"]
[SourceVersion "1"]
[SourceVersionDate "2004.11.15"]
[SourceQuality "1"]
[WhiteTeam "Magdeburg USC"]
[BlackTeam "Coswig"]
[WhiteTeamCountry "GER"]
[BlackTeamCountry "GER"]

1. d4 g6 2. c4 Bg7 3. Nc3 d6 4. e4 Nd7 5. Be2 e5 6. d5 Ne7 7. g4 a6 8. Be3 0-0 9. Qd2 f5 10. f3 f4 11. Bf2 h6 12. Bd3 Rf7 13. Nge2 Qe8 14. Nc1 Nf8 15. h4 Bf6 16. b4 Bd7 17. Nb3 g5 18. h5 Bg7 19. c5 Nh7 20. cxd6 cxd6 21. Na5 b5 22. Qe2 Rb8 23. Kd2 Nf6 24. a4 bxa4 25. Rhb1 Nxg4 26. fxg4 f3 27. Qf1 Bxg4 28. Bxa6 Bxh5 29. b5 Bg6 30. Qc4 h5 31. Nc6 g4 32. Nxb8 Bh6+ 33. Kc2 Qxb8 34. b6 Nf5 35. Qc8+ Qxc8 36. Bxc8 Ne3+ 37. Kd3 Kg7 38. Bxe3 g3 39. Bxh6+ Kxh6 40. b7 g2 41. b8Q f2 42. Bf5 1-0

[Event "Oberliga Ost-A 0102"]
[Site "Germany"]
[Date "2001.11.25"]
[Round "4.7"]
[White "Fischer, Dieter"]
[Black "Poenisch, Egmont"]
[Result "1/2-1/2"]
[WhiteElo "2117"]
[BlackElo "2139"]
[PlyCount "27"]
[EventDate "2001.10.07"]
[EventType "team-tourn"]
[EventRounds "11"]
[EventCountry "GER"]
[SourceTitle "EXT 2003"]
[Source "ChessBase"]
[SourceDate "2002.11.25"]
[SourceVersion "1"]
[SourceVersionDate "2002.11.25"]
[SourceQuality "1"]
[WhiteTeam "Erfurt II"]
[BlackTeam "Coswig"]
[WhiteTeamCountry "GER"]
[BlackTeamCountry "GER"]

1. e4 g6 2. Nc3 Bg7 3. g3 c5 4. Bg2 Nc6 5. d3 d6 6. f4 Bd7 7. Nf3 Qc8 8. 0-0 Nf6 9. Bd2 0-0 10. Ne2 Rb8 11. c3 b5 12. Nh4 b4 13. c4 Bg4 14. Bf3 1/2-1/2